000
00283nam a22001337a 4500
008
170727b xxu||||| |||| 00| 0 eng d
020
_a
9780201548488
041
_a
eng
080
_a
004
100
_a
31
101
_a
SHKI
245
_a
C++ PRIMER
_c
LIPPMAN, S.B
942
_2
udc
_c
BK
999
_c
22048
_d
22048